Biggest Cities in Southern Ontario on the Map - Statistics

General Stats
  • This quiz has been taken 98 times
  • The average score is 29 of 82
Answers on the Map
Answers color-coded by a green-red scale on the quiz's map according to % correct below.
 
Answer Stats
Pop City % Correct
2,794,356 Toronto
97%
569,353 Hamilton
92%
422,324 London
92%
94,415 Niagara Falls
89%
1,017,449 Ottawa
89%
229,660 Windsor
87%
717,961 Mississauga
85%
19,088 Niagara-on-the-Lake
82%
656,480 Brampton
73%
132,485 Kingston
72%
256,885 Kitchener
72%
136,803 St. Catharines
65%
147,829 Barrie
59%
121,436 Waterloo
59%
175,383 Oshawa
58%
72,047 Sarnia
58%
143,740 Guelph
54%
323,103 Vaughan
54%
103,988 Chatham-Kent
52%
138,479 Cambridge
49%
338,503 Markham
49%
39,474 Brant
48%
186,948 Burlington
46%
126,666 Ajax
45%
202,022 Richmond Hill
44%
104,688 Brantford
42%
213,759 Oakville
42%
83,651 Peterborough
42%
138,501 Whitby
41%
132,979 Milton
39%
99,186 Pickering
38%
47,845 Cornwall
35%
87,942 Newmarket
34%
33,411 Orillia
34%
55,750 Welland
32%
21,216 Essex
31%
67,490 Norfolk
30%
21,612 Owen Sound
28%
33,232 Stratford
28%
62,057 Aurora
27%
76,581 Caledon
27%
79,247 Kawartha Lakes
27%
55,071 Belleville
25%
101,427 Clarington
25%
62,951 Halton Hills
25%
29,680 Leamington
25%
25,704 Prince Edward
25%
23,300 Tecumseh
24%
46,705 Woodstock
24%
42,840 St. Thomas
23%
32,901 Fort Erie
21%
30,167 Orangeville
21%
25,719 Lincoln
20%
23,524 Amherstburg
18%
22,116 Brockville
18%
24,811 Collingwood
18%
32,721 LaSalle
18%
42,880 Bradford West Gwillimbury
17%
20,519 Cobourg
17%
49,216 Haldimand
17%
28,883 Grimsby
15%
22,119 Kingsville
15%
20,033 Port Colborne
15%
43,326 Innisfil
14%
24,862 Wasaga Beach
14%
40,410 Lakeshore
13%
26,505 Clarence-Rockland
11%
34,637 East Gwillimbury
11%
47,642 Georgina
11%
17,817 Midland
11%
18,160 Petawawa
11%
46,560 Quinte West
11%
15,908 Saugeen Shores
11%
23,816 Thorold
11%
43,948 New Tecumseth
10%
15,538 North Perth
10%
23,871 Strathroy-Caradoc
10%
16,879 Greater Napanee
8%
18,192 Pelham
8%
18,615 Tillsonburg
8%
49,864 Whitchurch-Stouffville
8%
17,294 Port Hope
7%
No matching quizzes found
Score Distribution
Percent of People with Each Score
Percentile by Number Answered
Your Score History
You have not taken this quiz